Cartas de Don Pedro de Valdivia que tratan del descubrimiento y conquista de la Nueva Extremadura

Saved in:
Bibliographic Details
Main Author: Rodríguez Ibarra, Juan Carlos (Author)
Format: Book
Language:Spanish
Published: Barcelona Andrés Bello 1991
Subjects:
Tags: Add Tag
No Tags, Be the first to tag this record!

MARC

LEADER 00000nam a2200000 a 4500
001 UCO6085
003 CL-VaPUC
008 001006e19910000SP |||||||||||||||||spa|d
082 0 4 |a 983.02  |b ROD  |2 21 
100 0 |a Rodríguez Ibarra, Juan Carlos  |e author  |9 450931 
245 1 0 |a Cartas de Don Pedro de Valdivia que tratan del descubrimiento y conquista de la Nueva Extremadura 
300 |a 291 p 
942 |c BK 
945 |d 20001006 00:00:00  |a vberengu 
260 |a Barcelona  |b Andrés Bello  |c 1991 
600 0 7 |a VALDIVIA, PEDRO DE  |2 CL-VaPUC  |9 317024 
650 0 |a Correspondencia  |9 258963 
650 7 |a DESCUBRIMIENTO Y CONQUISTA  |2 CL-VaPUC  |9 268482 
650 0 |a Historia de Chile  |9 265473 
583 |a last modification  |c 20001006 00:00:00  |k Rodrigo Vera 
999 |c 291874  |d 291872 
952 |0 0  |1 0  |4 0  |6 983_020000000000000_ROD_1991  |7 0  |8 A  |9 342154  |a BIBARQ  |b BIBARQ  |d 2019-11-20  |i 3645150  |o 983.02 ROD 1991  |p 3645150  |r 2025-01-20  |w 2019-11-20  |y BK  |k ARQ